|
|
|
|
| LEADER |
00000nam a22000007a 4500 |
| 003 |
cru CIDCACS/IIS |
| 005 |
20181218062529.0 |
| 007 |
ta |
| 008 |
170503| cr ||||| |||| 00| 0 spa d |
| 022 |
|
|
|2 14093251
|
| 040 |
|
|
|c cru CIDCACS/IIS
|
| 090 |
|
|
|a REV1430
|
| 110 |
1 |
|
|9 4439
|a Universidad Nacional de Costa Rica.
|b Programa Regional de Maestría en Desarrollo Rural
|
| 245 |
1 |
|
|a Perspectivas Rurales /
|c Universidad Nacional de Costa Rica
|
| 260 |
|
|
|a Heredia, Costa Rica
|b UNA; EUNA
|
| 270 |
|
|
|b Heredia
|d Costa Rica
|e 86-3000
|k (506) 2277-3437 / (506) 2277-3651
|m ruralrev@una.ac.cr / rural@una.ac.cr
|
| 310 |
|
|
|a Semestral
|
| 500 |
|
|
|a EXISTENCIAS :1997 1 (1-2) 1998 2 (1-2) 1999 3 (1-2) 2000 4 (1-2) 2001 5 (2-9-10) 2002 6 (1-2) 2003 7 (1-2) 2004 8 (15-16) 2005 9 (17-18)
|
| 650 |
1 |
0 |
|9 1123
|a DESARROLLO RURAL
|
| 650 |
|
0 |
|9 3750
|a MARCO INSTITUCIONAL
|
| 650 |
|
4 |
|9 2696
|a ORGANIZACIONES CAMPESINAS
|
| 650 |
1 |
0 |
|a TECNOLOGIA ADECUADA
|9 1697
|
| 650 |
|
0 |
|9 2027
|a INVESTIGACION AGRICOLA
|
| 650 |
|
4 |
|9 3253
|a POLITICA GUBERNAMENTAL
|
| 650 |
|
0 |
|9 4459
|a DESARROLLO SUSTENTABLE
|
| 650 |
1 |
0 |
|9 284
|a POBREZA
|
| 650 |
|
4 |
|9 1993
|a LEGISLACION
|
| 942 |
|
|
|2 ddc
|c PP
|
| 999 |
|
|
|c 19251
|d 19251
|